[Event "Malmo SWE"]
[Site "Malmo SWE"]
[Date "1994.??.??"]
[Round "9"]
[White "Almasi, Zoltan"]
[Black "Epishin, Vladimir V"]
[Result "1/2-1/2"]
[WhiteElo "2610"]
[BlackElo "2675"]
[PlyCount "23"]
[EventDate "1994.??.??"]
[Source "www.chesslib.no"]
[SourceDate "2004.05.04"]

1. e4 c6 2. d4 Qa5+ 3. Nc3 Qd8 4. Nb1 Na6 5. h4 Nh6 6. Be2 d5 7. Bxh6 Be6 8. Bg5 f6 9. Kd2 Bh3 10. Ke1 Be6 11. Bf1 f5 12. Kd2 1/2-1/2

[Event "TCh-BIH"]
[Site "Jahorina"]
[Date "2003.06.27"]
[Round "9"]
[White "Almasi, Zoltan"]
[Black "Markovic, Miroslav"]
[Result "1/2-1/2"]
[WhiteElo "2676"]
[BlackElo "2504"]
[PlyCount "131"]
[EventDate "2003.06.21"]
[Source "Roberto Alvarez"]
[SourceDate "2003.07.07"]

1. e4 c6 2. d4 Na6 3. c3 Nc7 4. f4 d5 5. e5 h5 6. Nf3 Nh6 7. Bd3 g6 8. O-O Bf5 9. Na3 Qd7 10. Nc2 O-O-O 11. Ne3 Bxd3 12. Qxd3 e6 13. b3 c5 14. a4 Na6 15. Bb2 Kb8 16. Rfd1 Be7 17. Qe2 Qc6 18. Ba3 Rd7 19. dxc5 Nxc5 20. Nd4 Qc8 21. c4 Ne4 22. Bb2 g5 23. f5 Nxf5 24. Ndxf5 exf5 25. cxd5 Nc3 26. Bxc3 Qxc3 27. Nxf5 Bc5+ 28. Kh1 Re8 29. Qb5 Red8 30. Rac1 Rxd5 31. Nd6 Rxd1+ 32. Rxd1 Qb4 33. Qxb4 Bxb4 34. h3 f6 35. Rc1 Bxd6 36. exd6 Rxd6 37. Kg1 h4 38. Rc3 Rc6 39. Rf3 Kc7 40. Kf2 Kd7 41. Rf5 Ke6 42. Rf3 Ke5 43. Re3+ Kd4 44. Rf3 b6 45. Ke2 Rc2+ 46. Kf1 Ke5 47. Re3+ Kf5 48. Rf3+ Kg6 49. Rd3 Rb2 50. Rc3 a5 51. Rd3 Kh5 52. Rd6 Rxb3 53. Rxf6 Rb4 54. Rd6 Rxa4 55. Rxb6 Rb4 56. Ra6 Rb5 57. g4+ hxg3 58. Kg2 g4 59. Kxg3 Rb3+ 60. Kf2 g3+ 61. Kg2 Ra3 62. Ra8 Kg6 63. Rg8+ Kf5 64. Rf8+ Ke6 65. h4 Rb3 66. h5 1/2-1/2

[Event "Open Mediterranean 2013"]
[Site "Fiume CRO"]
[Date "2007.11.28"]
[Round "5.1"]
[White "Kovacevic, Aleksandar"]
[Black "Miladinovic, Igor"]
[Result "1/2-1/2"]
[WhiteElo "2554"]
[BlackElo "2603"]
[PlyCount "73"]
[EventDate "2007.11.25"]
[Source "www.chesslib.no"]
[SourceDate "2004.05.04"]

1. e4 c6 2. d4 d6 3. Nc3 g6 4. f4 Bg7 5. Be3 Qb6 6. Rb1 Nh6 7. h3 d5 8. e5 f6 9. Nf3 Na6 10. Qd2 O-O 11. b4 Qd8 12. g4 Nf7 13. Bd3 fxe5 14. fxe5 Nc7 15. Qg2 a5 16. a3 axb4 17. axb4 b6 18. h4 Qd7 19. h5 Qxg4 20. Qxg4 Bxg4 21. hxg6 hxg6 22. Nh4 Nh8 23. Nxg6 Nxg6 24. Bxg6 Bf5 25. Rg1 e6 26. Kd2 Bxg6 27. Rxg6 Kf7 28. Rg2 Rg8 29. Rf1+ Ke7 30. Rfg1 Kf7 31. Rf2+ Ke7 32. Rh2 Raf8 33. Rh7 Rf7 34. Na4 Bf8 35. Rxf7+ Kxf7 36. Rxg8 Kxg8 37. c3 1/2-1/2

[Event "Valjevo"]
[Site "Valjevo"]
[Date "2000.06.18"]
[Round "2"]
[White "Velimirovic, Dragoljub"]
[Black "Markovic, Miroslav"]
[Result "0-1"]
[WhiteElo "2558"]
[BlackElo "2586"]
[PlyCount "146"]
[EventDate "2000.06.17"]
[Source "ChessBase"]
[SourceDate "2000.07.11"]

1. e4 c6 2. d4 Na6 3. f4 g6 4. Nf3 d5 5. e5 h5 6. c3 Nh6 7. Nbd2 Nc7 8. Be2 b6 9. Nf1 Ne6 10. Ng3 Ng7 11. Be3 a5 12. b3 e6 13. O-O Ng4 14. Bd2 h4 15. Nh1 Nf5 16. Qc1 Ba6 17. Bxa6 Rxa6 18. h3 Ngh6 19. Be1 Be7 20. Bf2 Ra8 21. Qd2 Rc8 22. b4 a4 23. Rfe1 b5 24. Kf1 Kd7 25. Ke2 Ng8 26. Bg1 Rh5 27. Bh2 Ng7 28. Rf1 Nh6 29. Nf2 Nhf5 30. Ng4 Kc7 31. Rae1 Kb7 32. Kd1 Ne8 33. Qe2 Nc7 34. Ne3 Rh8 35. Kc1 Na8 36. Nxf5 gxf5 37. Rg1 Nb6 38. Nd2 Qf8 39. a3 Qh6 40. Ref1 Rcg8 41. Rf3 Rg6 42. Kd1 Rhg8 43. Ke1 Bd8 44. Kd1 R8g7 45. Re3 Nd7 46. Qf3 Qh8 47. Ke1 Qg8 48. Kf1 f6 49. Re2 Qh7 50. Ke1 fxe5 51. fxe5 Rg3 52. Bxg3 Rxg3 53. Qf2 Rxc3 54. Re3 Rc2 55. Qf4 Nf8 56. Re2 Rc3 57. Re3 Rc2 58. Re2 Ra2 59. Nf3 Rxa3 60. Kf2 Rb3 61. Rc1 Rxb4 62. Rec2 Rc4 63. Kf1 Qe7 64. g3 hxg3 65. Qxg3 Qa3 66. Kg2 Kb6 67. h4 Qb3 68. Rxc4 dxc4 69. Rh1 Qc2+ 70. Kh3 a3 71. Qg7 Qf2 72. Ng5 Bxg5 73. hxg5 f4 0-1

[Event "otb"]
[Site "otb"]
[Date "2007.03.09"]
[Round "6"]
[White "Savic Miodrag R"]
[Black "Miladinovic Igor"]
[Result "1/2-1/2"]
[WhiteElo "2533"]
[BlackElo "2607"]
[PlyCount "29"]
[Source "www.chesslib.no"]
[SourceDate "2004.05.04"]

1. e4 c6 2. d4 d6 3. Nf3 Bg4 4. h3 Bh5 5. c3 Nd7 6. Be2 e5 7. O-O Ngf6 8. Nbd2 Be7 9. Qc2 O-O 10. Re1 Qc7 11. Bf1 Rfe8 12. b3 Nf8 13. Bb2 Rad8 14. c4 N6d7 15. b4 1/2-1/2

[Event "Dallas, TX"]
[Site "?"]
[Date "1999.08.08"]
[Round "4"]
[White "Ziatdinov Raset"]
[Black "Blatny Pavel"]
[Result "1-0"]
[WhiteElo "2541"]
[BlackElo "2598"]
[PlyCount "74"]
[EventDate "1999.??.??"]
[Source "www.chesslib.no"]
[SourceDate "2004.05.04"]

1. e4 g6 2. d4 c6 3. Nf3 d5 4. Nbd2 Bg7 5. Bd3 dxe4 6. Nxe4 Bg4 7. c3 Qc7 8. h3 Bf5 9. O-O Bxe4 10. Bxe4 Nf6 11. Bd3 Nbd7 12. Re1 e6 13. Bg5 O-O 14. Qd2 c5 15. Ne5 Rae8 16. Qe3 cxd4 17. cxd4 Qd6 18. Nc4 Qd5 19. Rad1 Nb8 20. Ne5 Rc8 21. b3 Qa5 22. Nc4 Qc7 23. Bf4 Qd8 24. Be5 Nc6 25. Be4 Nd5 26. Qf3 Qd7 27. Bxd5 exd5 28. Bxg7 Kxg7 29. Ne5 Qd6 30. Nxc6 Qxc6 31. Re5 Rfd8 32. Rde1 Rc7 33. h4 Qf6 34. Qg3 Rcd7 35. h5 a5 36. Qc3 b6 37. hxg6 fxg6 1-0

[Event "Aeroflot Open"]
[Site "Moscow"]
[Date "2004.02.18"]
[Round "2"]
[White "Skatchkov, Pavel"]
[Black "Kobalija, Mihail"]
[Result "1/2-1/2"]
[WhiteElo "2493"]
[BlackElo "2643"]
[PlyCount "43"]
[EventDate "2004.02.17"]
[Source "Roberto Alvarez"]
[SourceDate "2004.03.01"]

1. e4 c6 2. d4 e6 3. e5 Ne7 4. Be2 Nf5 5. c3 Be7 6. g4 Nh6 7. f4 c5 8. Nd2 cxd4 9. cxd4 Qb6 10. Rb1 O-O 11. f5 f6 12. exf6 Nxf5 13. g5 Bxf6 14. Bd3 g6 15. Bxf5 Bg7 16. Qe2 Re8 17. Qe5 a6 18. a3 Kf7 19. Ne4 h6 20. b4 h5 21. Nc5 h4 22. Nxe6 1/2-1/2

[Event "47th New York Masters"]
[Site "New York"]
[Date "2003.03.11"]
[Round "3"]
[White "Yudasin, Leonid"]
[Black "Bonin, Jay R"]
[Result "1-0"]
[WhiteElo "2706"]
[BlackElo "2415"]
[PlyCount "79"]
[EventDate "2003.03.11"]
[Source "Roberto Alvarez"]
[SourceDate "2003.05.19"]

1. e4 c6 2. d4 d6 3. f4 d5 4. e5 h5 5. Be2 g6 6. Nf3 Bg4 7. Nbd2 Nh6 8. c3 e6 9. Qb3 Qb6 10. h3 Bxf3 11. Nxf3 Nf5 12. Kf2 h4 13. Bd3 Nd7 14. Rd1 Be7 15. Bd2 a5 16. Qxb6 Nxb6 17. a4 c5 18. b3 Kf8 19. Be1 Kg7 20. Ke2 Nd7 21. Rac1 Nb8 22. Bxf5 gxf5 23. c4 dxc4 24. Rxc4 Nd7 25. dxc5 Nxc5 26. Bxh4 Rxh4 27. Nxh4 Nxb3 28. Rd7 b5 29. Rcc7 Bxh4 30. Rxf7+ Kg8 31. Rg7+ Kh8 32. Rh7+ Kg8 33. Rcg7+ Kf8 34. Rb7 Kg8 35. Rxh4 bxa4 36. Rh6 Nc5 37. Rbh7 a3 38. Rh8+ Kg7 39. R6h7+ Kg6 40. Rxa8 1-0

[Event "TCh-SCG Men"]
[Site "?"]
[Date "2004.09.08"]
[Round "1"]
[White "Nataf Igor-Alexandre"]
[Black "Markovic Miroslav"]
[Result "1/2-1/2"]
[WhiteElo "2553"]
[BlackElo "2564"]
[PlyCount "27"]
[EventDate "2004.??.??"]
[Source "www.chesslib.no"]
[SourceDate "2004.05.04"]

1. e4 c6 2. d4 Na6 3. Nf3 g6 4. Nc3 Nc7 5. h4 h5 6. Bf4 d6 7. Qd2 Nf6 8. Ng5 b5 9. a4 b4 10. Ne2 a5 11. Ng3 Bg7 12. e5 Nfd5 13. exd6 exd6 14. N3e4 1/2-1/2

[Event "Yerevan"]
[Site "Yerevan"]
[Date "1980.??.??"]
[Round "13"]
[White "Knezevic, Milorad"]
[Black "Tseshkovsky, Vitaly"]
[Result "1/2-1/2"]
[WhiteElo "2490"]
[BlackElo "2595"]
[PlyCount "27"]
[EventDate "1980.06.??"]
[Source "ChessBase"]

1. d4 g6 2. e4 c6 3. Nf3 d5 4. Nbd2 Bg7 5. Bd3 dxe4 6. Nxe4 Nd7 7. O-O Ngf6 8. Nxf6+ Nxf6 9. h3 O-O 10. Re1 Qd6 11. c3 c5 12. dxc5 Qxc5 13. Be3 Qc7 14. Bd4 1/2-1/2

[Event "TCh-Rep. Srpska, Jahorina BIH"]
[Site "?"]
[Date "2001.??.??"]
[Round "5"]
[White "Kovacevic, A."]
[Black "Markovic, Miros"]
[Result "1/2-1/2"]
[WhiteElo "2545"]
[BlackElo "2535"]
[PlyCount "100"]
[EventDate "2001.??.??"]
[Source "www.chesslib.no"]
[SourceDate "2004.05.04"]

1. e4 c6 2. d4 Na6 3. Nf3 g6 4. Nc3 Nc7 5. Be2 Bg7 6. O-O d6 7. h3 Nf6 8. e5 dxe5 9. dxe5 Qxd1 10. Rxd1 Nfd5 11. Nxd5 Nxd5 12. c4 Nc7 13. Be3 O-O 14. Rd2 Ne6 15. Rad1 Re8 16. b3 a5 17. a4 Nc7 18. Bb6 Ne6 19. Be3 Nc7 20. Kf1 h6 21. Bd3 g5 22. g4 Ne6 23. Be4 Rb8 24. Ba7 Ra8 25. Be3 Rb8 26. Kg2 c5 27. Kg3 b6 28. h4 Bb7 29. Bd5 gxh4+ 30. Kxh4 Nf8 31. Kh5 Ng6 32. Bxb7 Rxb7 33. e6 Kh7 34. g5 fxe6 35. gxh6 Bxh6 36. Rg1 Rg8 37. Ng5+ Bxg5 38. Rxg5 e5 39. Rd1 Rc7 40. Rf5 e6 41. Rf6 Nf4+ 42. Bxf4 exf4 43. Rxe6 Rg2 44. Rd2 Rf7 45. Rxb6 f3 46. Rc6 Rg1 47. Rxc5 Rh1+ 48. Kg4 Rg1+ 49. Kh4 Rf6 50. Rc7+ Kh6 1/2-1/2

[Event "Beijing"]
[Site "?"]
[Date "1996.??.??"]
[Round "4"]
[White "Gufeld Eduard"]
[Black "Miles Anthony J"]
[Result "1-0"]
[WhiteElo "2445"]
[BlackElo "2630"]
[PlyCount "71"]
[EventDate "1996.??.??"]
[Source "www.chesslib.no"]
[SourceDate "2004.05.04"]

1. e4 c6 2. d4 Na6 3. Nf3 g6 4. c4 d6 5. Nc3 Bg7 6. Be2 Nc7 7. O-O Nh6 8. d5 O-O 9. Bf4 f5 10. Qd2 Nf7 11. exf5 Bxf5 12. Rad1 e5 13. dxe6 Nxe6 14. Be3 Qe7 15. Rfe1 Rae8 16. h3 h5 17. Bd3 Qf6 18. Bxf5 gxf5 19. Bxa7 Kh7 20. h4 Qg6 21. Be3 Qg4 22. Ng5+ Nexg5 23. Bxg5 Qxc4 24. Qc2 Kg6 25. Be7 Rh8 26. Rd3 Kh7 27. b3 Qc5 28. Rf3 Nh6 29. Re6 Bxc3 30. Rxc3 Qa5 31. Qd2 Nf7 32. b4 Qc7 33. Qe2 Nh6 34. Qxh5 Kg8 35. Rg3+ Ng4 36. Qg6# 1-0

[Event "Serbian-ch 29th"]
[Site "Sabac"]
[Date "1998.04.29"]
[Round "10"]
[White "Marciano, David"]
[Black "Markovic, Miroslav"]
[Result "1/2-1/2"]
[WhiteElo "2485"]
[BlackElo "2540"]
[PlyCount "63"]
[EventDate "1998.04.20"]
[Source "ChessBase"]
[SourceDate "1998.08.06"]

1. e4 c6 2. d4 Na6 3. Nf3 Nc7 4. c4 d6 5. Nc3 g6 6. h3 Bg7 7. Bd3 e5 8. d5 Ne7 9. g4 O-O 10. Be3 b5 11. dxc6 bxc4 12. Bxc4 Nxc6 13. Qd2 Be6 14. Nd5 Ne7 15. Nxc7 Qxc7 16. Bxe6 fxe6 17. Rc1 Qd7 18. Qe2 Nc6 19. O-O Nd4 20. Bxd4 exd4 21. e5 Rf4 22. Rcd1 Raf8 23. Nxd4 Bxe5 24. Nf3 Rxf3 25. Qxe5 Rd8 26. Qe4 Qf7 27. Rd3 Rf4 28. Qc6 Rf8 29. f3 e5 30. Rxd6 Qxa2 31. Rxg6+ hxg6 32. Qxg6+ 1/2-1/2

[Event "YUG Cup"]
[Site "Herceg Novi"]
[Date "2001.09.07"]
[Round "5"]
[White "Perunovic, Milos"]
[Black "Markovic, Miroslav"]
[Result "1-0"]
[WhiteElo "2477"]
[BlackElo "2535"]
[PlyCount "65"]
[EventDate "2001.09.03"]
[Source "ChessBase"]
[SourceDate "2001.10.26"]

1. e4 c6 2. d4 Na6 3. c3 Nc7 4. Bd3 g6 5. Ne2 Bg7 6. Nd2 d6 7. Nf3 Bg4 8. Bg5 Bxf3 9. gxf3 Qd7 10. Qd2 Qh3 11. Ng3 e5 12. O-O-O exd4 13. cxd4 Bh6 14. f4 Bxg5 15. fxg5 h6 16. e5 d5 17. f4 O-O-O 18. f5 hxg5 19. Qxg5 Qh6 20. h4 Ne7 21. Qxh6 Rxh6 22. f6 Ng8 23. h5 gxh5 24. Rdg1 Rh8 25. Nxh5 c5 26. Nf4 Rh6 27. Bf5+ Kb8 28. Kd2 Re8 29. Bd7 Rxh1 30. Rxh1 Rd8 31. Rh8 b6 32. e6 Nxe6 33. Bxe6 1-0

[Event "DSV-Turnier"]
[Site "Leipzig GER"]
[Date "1977.??.??"]
[Round "11"]
[White "Adamski, Jan"]
[Black "Lutikov, Anatoly S"]
[Result "1/2-1/2"]
[WhiteElo "2470"]
[BlackElo "2540"]
[PlyCount "37"]
[EventDate "1977.12.01"]
[Source "www.chesslib.no"]
[SourceDate "2004.05.04"]

1. Nf3 g6 2. e4 c6 3. d4 d5 4. Nbd2 Bg7 5. h3 Nh6 6. Bd3 O-O 7. O-O f6 8. Re1 Nf7 9. c3 Nd7 10. Qb3 e6 11. c4 Nb6 12. exd5 cxd5 13. cxd5 exd5 14. a4 a5 15. Nb1 Bd7 16. Nc3 Bc6 17. Bf4 Ng5 18. Nxg5 fxg5 19. Be5 1/2-1/2

[Event "It"]
[Site "Leposavic"]
[Date "2003.06.18"]
[Round "7"]
[White "Radulski, Julian"]
[Black "Markovic, Miroslav"]
[Result "1-0"]
[WhiteElo "2493"]
[BlackElo "2504"]
[PlyCount "97"]
[EventDate "2003.06.14"]
[Source "Roberto Alvarez"]
[SourceDate "2003.11.03"]

1. e4 c6 2. d4 Na6 3. Nf3 g6 4. Nc3 Nc7 5. h4 h5 6. Ng5 Nh6 7. Bf4 Bg7 8. Qd2 d5 9. O-O-O dxe4 10. d5 Nf5 11. Bc4 b5 12. Bb3 Nd4 13. d6 Nce6 14. Bxe6 Nxe6 15. Ncxe4 Nxg5 16. Bxg5 f6 17. Nxf6+ exf6 18. Rhe1+ Kf8 19. d7 Bxd7 20. Bf4 g5 21. hxg5 fxg5 22. Bxg5 Qxg5 23. Qxg5 Bh6 24. Qxh6+ Rxh6 25. Rxd7 Kg8 26. Re5 Rg6 27. Rxh5 Rxg2 28. f4 Rf8 29. Rg5+ Rxg5 30. fxg5 Rf1+ 31. Kd2 Rf2+ 32. Kd3 Rf3+ 33. Ke4 Rf2 34. Rxa7 Rxc2 35. b3 c5 36. Kf5 c4 37. bxc4 Rxc4 38. Kg6 Rc6+ 39. Kh5 Rc2 40. Kh6 b4 41. Ra8+ Kf7 42. g6+ Ke7 43. Ra7+ Ke8 44. g7 Rh2+ 45. Kg6 Rg2+ 46. Kf6 Rf2+ 47. Ke6 Re2+ 48. Kd5 Rg2 49. Kc4 1-0

[Event "Deutschland"]
[Site "?"]
[Date "1998.11.22"]
[Round "2.1"]
[White "Smagin Sergey B"]
[Black "Telljohann Sven"]
[Result "1-0"]
[WhiteElo "2575"]
[BlackElo "2415"]
[PlyCount "67"]
[EventDate "1998.??.??"]
[Source "www.chesslib.no"]
[SourceDate "2004.05.04"]

1. e4 g6 2. d4 Bg7 3. Nf3 c6 4. Nbd2 d5 5. h3 Nh6 6. Bd3 O-O 7. O-O Nd7 8. Re1 c5 9. exd5 cxd4 10. Nc4 Nf6 11. d6 exd6 12. Nxd4 d5 13. Ne3 Ne4 14. c3 f5 15. Bc2 Nxf2 16. Kxf2 f4 17. Kg1 fxe3 18. Bxe3 Nf5 19. Nxf5 Bxf5 20. Bb3 Be4 21. Bd4 Qh4 22. Re2 Rad8 23. Bxg7 Kxg7 24. Qd4+ Qf6 25. Qxa7 Rd7 26. Rd1 Qe5 27. Qd4 Qxd4+ 28. Rxd4 Rfd8 29. Red2 Kf6 30. c4 Ke5 31. cxd5 Bf5 32. Rb4 Kd6 33. g4 Bb1 34. Rd1 1-0

[Event "Ch (juniors)"]
[Site "Pinsk BLR"]
[Date "1989.??.??"]
[Round "?"]
[White "Tiviakov, Sergei"]
[Black "Golod, Vitali"]
[Result "1-0"]
[WhiteElo "2480"]
[BlackElo "2510"]
[PlyCount "69"]
[EventDate "1989.??.??"]
[Source "www.chesslib.no"]
[SourceDate "2004.05.04"]

1. e4 c6 2. d4 g6 3. c3 d5 4. Nd2 Bg7 5. Ngf3 Nh6 6. Bd3 O-O 7. O-O Qc7 8. Re1 dxe4 9. Nxe4 Nd7 10. Bg5 Re8 11. Qd2 Ng4 12. Bf4 Qd8 13. Neg5 Nb6 14. h3 Nf6 15. c4 Nh5 16. Be3 Rf8 17. Qc2 Qc7 18. Bd2 a5 19. Ne5 Nd7 20. Nexf7 Rxf7 21. Bxg6 hxg6 22. Qxg6 Rf6 23. Qh7+ Kf8 24. Qxh5 Qd6 25. Re4 Kg8 26. Bf4 Qb4 27. Rae1 Nf8 28. Rxe7 Rxf4 29. Re8 Bf5 30. Qf7+ Kh8 31. R1e7 Qxe7 32. Rxe7 Bxd4 33. Nf3 Bxb2 34. Ne5 Bxe5 35. Rxe5 1-0

[Event "Berliner Sommer"]
[Site "Berlin"]
[Date "1995.??.??"]
[Round "4"]
[White "Kruppa, Yuri"]
[Black "Danner, Georg"]
[Result "1-0"]
[WhiteElo "2570"]
[BlackElo "2415"]
[PlyCount "67"]
[EventDate "1995.08.??"]
[Source "ChessBase"]

1. e4 g6 2. d4 c6 3. Nf3 d5 4. Nbd2 Bg7 5. c3 Nh6 6. Bd3 O-O 7. O-O f6 8. Qe2 Nf7 9. c4 e6 10. b3 Na6 11. Bb2 Nc7 12. Rfe1 Re8 13. Rad1 b6 14. Nf1 Bb7 15. Ng3 Qe7 16. h4 Rad8 17. h5 dxe4 18. Bxe4 f5 19. hxg6 hxg6 20. Bxf5 gxf5 21. Nxf5 exf5 22. Qxe7 Rxe7 23. Rxe7 Rc8 24. Ne5 Ng5 25. Rd7 Nge6 26. Ng6 Kh7 27. Ne7 Rf8 28. d5 Bxb2 29. dxe6 Nxe6 30. Nxc6+ Kh6 31. Rxb7 Nf4 32. Rd6+ Kg5 33. g3 Ng6 34. f4+ 1-0

[Event "ESP-ch Gp A"]
[Site "Cala Mendia, Mallorca"]
[Date "2001.11.20"]
[Round "4"]
[White "Narciso Dublan, Marc"]
[Black "Cacho Reigadas, Sergio"]
[Result "0-1"]
[WhiteElo "2517"]
[BlackElo "2463"]
[PlyCount "98"]
[EventDate "2001.11.17"]
[Source "ChessBase"]
[SourceDate "2001.02.01"]

1. e4 g6 2. d4 Bg7 3. Nf3 c6 4. Nbd2 d5 5. h3 Nf6 6. e5 Ne4 7. Bd3 c5 8. Nxe4 dxe4 9. Bxe4 cxd4 10. Qxd4 Qxd4 11. Nxd4 Bxe5 12. Be3 f5 13. f4 Bxf4 14. Bxf4 fxe4 15. O-O Bd7 16. Bxb8 Rxb8 17. Rae1 Rf8 18. Rxe4 Rxf1+ 19. Kxf1 Kf7 20. Nf3 Bf5 21. Rc4 Kf6 22. g4 Rc8 23. Rxc8 Bxc8 24. Kf2 Bd7 25. Kg3 e5 26. Nd2 Bc6 27. Nf1 a5 28. Ne3 b5 29. h4 h6 30. Nd1 Ke6 31. Ne3 Bd5 32. a3 Be4 33. Kf2 Bc6 34. Kg3 a4 35. Kf2 e4 36. Kg3 Ke5 37. c3 Bd7 38. Nc2 Be6 39. Ne3 Bc4 40. h5 gxh5 41. gxh5 Be6 42. Nc2 Bf7 43. Kg4 Bb3 44. Ne3 Bc4 45. Kg3 Be2 46. Ng4+ Bxg4 47. Kxg4 Ke6 48. Kf4 Kd5 49. Ke3 Ke5 0-1

[Event "It (open) \"]
[Site "Minsk (Belarus)"]
[Date "2007.07.12"]
[Round "3"]
[White "Shaposhnikov Evgeny (RUS)"]
[Black "Gubajdullin Alexei (RUS)"]
[Result "0-1"]
[WhiteElo "2558"]
[BlackElo "2420"]
[PlyCount "120"]
[EventDate "2007.??.??"]
[Source "www.chesslib.no"]
[SourceDate "2004.05.04"]

1. e4 c6 2. d4 Na6 3. c3 Nc7 4. Bd3 d6 5. Nf3 g6 6. O-O Bg7 7. Nbd2 Nh6 8. Re1 f6 9. Bc4 Nf7 10. Nf1 e6 11. Ng3 O-O 12. Bb3 Qe7 13. Be3 e5 14. h3 Kh8 15. Qd2 Be6 16. Rad1 Rfd8 17. Qc2 Bh6 18. Bxe6 Qxe6 19. Bxh6 Nxh6 20. b3 Nf7 21. Nf1 Qe7 22. Ne3 Ne6 23. d5 Nf4 24. c4 c5 25. a3 Qd7 26. Kh2 Rac8 27. Ng1 Ng5 28. h4 Nf7 29. g3 Nh5 30. Ne2 Nh6 31. Qc3 Re8 32. Rg1 f5 33. exf5 gxf5 34. Nf4 Ng7 35. Nh3 Rf8 36. Ng5 f4 37. gxf4 Rxf4 38. Rg2 Rxh4+ 39. Kg1 Nf7 40. Nf3 Rh3 41. Nh2 Nf5 42. Rd3 Nh4 43. Neg4 Rxd3 44. Qxd3 Nxg2 45. Nf6 e4 46. Qc3 Qf5 47. Nxe4+ Qe5 48. Qxe5+ Nxe5 49. Kxg2 Rg8+ 50. Kf1 Rg6 51. f4 Nf7 52. Kf2 Kg7 53. Nf3 Kf8 54. Ke3 Rg2 55. b4 b6 56. bxc5 bxc5 57. f5 Ra2 58. Kf4 h6 59. f6 Rxa3 60. Nh4 Ra4 0-1

[Event "US Open"]
[Site "?"]
[Date "1990.??.??"]
[Round "11"]
[White "Byrne, Robert E"]
[Black "Rogers, Ian"]
[Result "1-0"]
[WhiteElo "2460"]
[BlackElo "2515"]
[PlyCount "69"]
[EventDate "1990.??.??"]
[Source "www.chesslib.no"]
[SourceDate "2004.05.04"]

1. e4 c6 2. d4 g6 3. Nd2 d5 4. Ngf3 Bg7 5. c3 dxe4 6. Nxe4 Nd7 7. Bc4 Nb6 8. Bb3 Nf6 9. Nxf6+ exf6 10. Qe2+ Qe7 11. Qxe7+ Kxe7 12. O-O Be6 13. Nd2 f5 14. Nf3 Rhe8 15. Bxe6 fxe6 16. Re1 h6 17. Bf4 Kf7 18. Be5 Bf8 19. h4 Nd7 20. Rad1 Rad8 21. Kf1 Be7 22. Bc7 Rc8 23. Bf4 Bf8 24. c4 Bg7 25. b3 Rcd8 26. g3 c5 27. Be3 cxd4 28. Bxd4 Bxd4 29. Rxd4 Nc5 30. Red1 Rxd4 31. Rxd4 a5 32. Ne5+ Kf6 33. Nd7+ Nxd7 34. Rxd7 b5 35. cxb5 1-0

[Event "Elista ol (Men)"]
[Site "Elista"]
[Date "1998.10.11"]
[Round "12"]
[White "Van den Doel, Erik"]
[Black "Popchev, Milko"]
[Result "1/2-1/2"]
[WhiteElo "2480"]
[BlackElo "2495"]
[PlyCount "145"]
[EventDate "1998.09.29"]
[Source "ChessBase"]
[SourceDate "1998.11.06"]

1. e4 c6 2. d4 d6 3. Nc3 b5 4. Nf3 g6 5. Be2 Bg7 6. a3 a6 7. Bf4 Nd7 8. e5 dxe5 9. dxe5 Qc7 10. Qd4 Nf8 11. e6 Bxd4 12. exf7+ Kd7 13. Bxc7 Bxc3+ 14. bxc3 Kxc7 15. fxg8=Q Rxg8 16. O-O Be6 17. Rfe1 Bd5 18. c4 bxc4 19. Nd2 c3 20. Nb1 Nd7 21. Nxc3 Rge8 22. Rad1 Nf6 23. Na4 e5 24. Rb1 a5 25. Nc5 Kd6 26. Na6 Re7 27. c4 Rxa6 28. c5+ Kxc5 29. Bxa6 e4 30. Bf1 Rf7 31. h3 Nh5 32. Rb8 Nf4 33. Rd1 Ra7 34. h4 Ne6 35. Rb2 g5 36. hxg5 Rg7 37. Rc1+ Kd4 38. Rb8 Rxg5 39. Ra8 Nf4 40. Rxa5 Nh3+ 41. Kh2 Nxf2 42. Rxc6 e3 43. Rc7 Rh5+ 44. Kg3 Rf5 45. Ra4+ Ke5 46. Re7+ Kd6 47. Rxe3 Nh1+ 48. Kh2 Rxf1 49. Ra6+ Kc5 50. Ra5+ Kd4 51. Re2 Bc4 52. Ra4 Kd3 53. Re7 Nf2 54. Rd7+ Kc3 55. Rc7 Rh1+ 56. Kg3 Ne4+ 57. Kf4 Nd2 58. Ra8 Rf1+ 59. Kg3 h5 60. a4 Ne4+ 61. Kh2 Kd4 62. Rd8+ Bd5 63. a5 Ra1 64. Rh7 Nf6 65. Rf7 Rf1 66. Re7 Ra1 67. Rf7 Ng4+ 68. Kg3 Rxa5 69. Rf5 Ra3+ 70. Kh4 Ne3 71. Rg5 Ra2 72. Kxh5 Rxg2 73. Rxg2 1/2-1/2

[Event "Cuxhaven Open"]
[Site "Cuxhaven"]
[Date "1993.??.??"]
[Round "7"]
[White "Rabiega, Robert"]
[Black "Giorgadze, Giorgi"]
[Result "0-1"]
[WhiteElo "2420"]
[BlackElo "2555"]
[PlyCount "100"]
[EventDate "1993.03.??"]
[Source "www.chesslib.no"]
[SourceDate "2004.05.04"]

1. e4 c6 2. d4 g6 3. c3 d5 4. Nd2 Bg7 5. Ngf3 Nh6 6. Bd3 O-O 7. O-O f6 8. Re1 Nf7 9. c4 e6 10. h3 Na6 11. cxd5 cxd5 12. exd5 exd5 13. Qb3 Nc7 14. Nf1 Ng5 15. Be2 Nge6 16. a4 a5 17. Ne3 Qd6 18. Nc2 Bd7 19. Bd2 Rfe8 20. Bf1 Bf8 21. g3 Bc6 22. h4 Qd7 23. Ne3 Bg7 24. h5 f5 25. hxg6 hxg6 26. Nc2 Qd6 27. Qb6 f4 28. g4 Qd7 29. b3 Nf8 30. Nh2 Nce6 31. Bxa5 Bf6 32. Qb4 Bh4 33. Qd2 Ng5 34. Rxe8 Rxe8 35. Qd3 f3 36. Bd2 Ne4 37. Be3 Ne6 38. Nxf3 Nf4 39. Bxf4 Qxg4+ 40. Bg3 Bxg3 41. Bg2 Bxf2+ 42. Kf1 Rf8 43. Ra2 Qg3 44. Nb4 Bd7 45. Nxd5 Bh3 46. Bxh3 Rxf3 47. Be6+ Kg7 48. Qxe4 Bxd4+ 49. Qxf3 Qxf3+ 50. Ke1 Qh1+ 0-1

[Event "Recklinghausen"]
[Site "?"]
[Date "1998.??.??"]
[Round "?"]
[White "Iuldachev Saidali"]
[Black "Galdunts Sergey"]
[Result "1-0"]
[WhiteElo "2505"]
[BlackElo "2465"]
[PlyCount "73"]
[EventDate "1998.??.??"]
[Source "www.chesslib.no"]
[SourceDate "2004.05.04"]

1. e4 g6 2. d4 Bg7 3. Nf3 c6 4. c3 d5 5. Nbd2 Nh6 6. Bd3 O-O 7. O-O f6 8. Re1 Nf7 9. h3 e5 10. Bc2 b6 11. Bb3 Bb7 12. c4 Na6 13. cxd5 cxd5 14. dxe5 fxe5 15. Bxd5 Bxd5 16. exd5 Qxd5 17. Ne4 Rfd8 18. Bg5 Nxg5 19. Nfxg5 Nb4 20. Qa4 a5 21. Nc3 Qc6 22. Qb3+ Nd5 23. Red1 a4 24. Nxd5 axb3 25. Ne7+ Kf8 26. Nxc6 Rxd1+ 27. Rxd1 bxa2 28. Ra1 Bh6 29. h4 e4 30. Kf1 Ra4 31. b3 Ra5 32. Nd4 Ke7 33. Ke2 Bg7 34. Ke3 Kd6 35. Nxe4+ Kd5 36. Nc3+ Kc5 37. Ne6+ 1-0

[Event "EU-chT (Men)"]
[Site "Debrecen"]
[Date "1992.??.??"]
[Round "6"]
[White "Nijboer, Friso"]
[Black "Hickl, Joerg"]
[Result "1/2-1/2"]
[WhiteElo "2455"]
[BlackElo "2515"]
[PlyCount "83"]
[EventDate "1992.11.??"]
[Source "ChessBase"]

1. e4 c6 2. d4 d6 3. Nc3 g6 4. Bc4 Nf6 5. Bb3 Bg7 6. Nf3 O-O 7. h3 Na6 8. Be3 Nc7 9. O-O a5 10. a4 d5 11. e5 Nd7 12. Qd2 f6 13. exf6 exf6 14. Bh6 Re8 15. Bxg7 Kxg7 16. Ne2 Nf8 17. c3 Bf5 18. Ng3 Be6 19. Bc2 Qd6 20. Ne1 Re7 21. Nd3 Rae8 22. b4 axb4 23. cxb4 Bf7 24. Rfe1 Rxe1+ 25. Rxe1 Rxe1+ 26. Qxe1 Nfe6 27. Ne2 Qe7 28. Qd2 Ne8 29. Nc5 Nd6 30. Bd3 Nd8 31. a5 Ne6 32. Qe3 Kf8 33. h4 Nxc5 34. Qh6+ Kg8 35. bxc5 Nf5 36. Qf4 Be6 37. Qb8+ Kg7 38. g3 Nh6 39. Qa7 Kf7 40. a6 bxa6 41. Qxa6 Bf5 42. Kf1 1/2-1/2

[Event "Biel MTO op"]
[Site "Biel"]
[Date "2000.08.02"]
[Round "9"]
[White "Beshukov, Sergei"]
[Black "Burmakin, Vladimir"]
[Result "1-0"]
[WhiteElo "2428"]
[BlackElo "2538"]
[PlyCount "69"]
[EventDate "2000.07.24"]
[Source "ChessBase"]
[SourceDate "2000.09.14"]

1. e4 c6 2. d4 d6 3. Nc3 e5 4. Nf3 Qc7 5. Bc4 Bg4 6. Be3 Nf6 7. h3 Bh5 8. g4 Bg6 9. Bd3 Be7 10. Nd2 Nbd7 11. f4 exf4 12. Bxf4 Nf8 13. Qf3 Ne6 14. Be3 a6 15. O-O-O c5 16. dxc5 Nxc5 17. Kb1 Qc6 18. Rhf1 Nfd7 19. Qg3 Ne5 20. Nd5 Rc8 21. Bxc5 Qxc5 22. Nb3 Qa7 23. Nd4 Qc5 24. Nb3 Qa7 25. h4 h5 26. gxh5 Rxh5 27. Rf4 Nxd3 28. cxd3 b5 29. Rg4 Rh6 30. Rf1 a5 31. h5 Bxh5 32. Rxg7 Rg6 33. Qh3 Bg4 34. Qh8+ Kd7 35. Rgxf7 1-0